E.R. - Name the episode #1 - Statistics

General Stats
  • This quiz has been taken 5 times
  • The average score is 16 of 26
Answer Stats
Hint Answer % Correct
Lucy Knight Day for Knight
100%
John Carter Pilot / 24 Hours
100%
Mark Greene Pilot / 24 Hours
100%
Susan Lewis Pilot / 24 Hours
100%
Doug Ross Pilot / 24 Hours
100%
Carol Hathaway Pilot / 24 Hours
100%
Peter Benton Pilot / 24 Hours
100%
Elizabeth Corday Ambush
80%
Luka Kovac Leave it to Weaver
80%
Robert Romano Good Touch, Bad Touch
60%
Abby Lockhart Great Expectations
60%
Deb Chen Luck of the Draw
60%
Gregory Pratt Orion in the Sky
60%
Anna Del Amico Random Acts
60%
Kerry Weaver Welcome Back Carter
60%
Catherine Banfield Another Thursday at County
40%
Michael Gallant If I Should Fall from Grace
40%
Jeannie Boulet Long Day's Journey
40%
Neela Rasgotra Now What?
40%
Ray Barnett One for the Road
40%
Samantha Taggart Out of Africa
40%
Archie Morris Dear Abby
20%
Cleo Finch Last Rites
20%
Dave Malucci Last Rites
20%
Simon Brenner Owner of a Broken Heart
20%
Tony Gates The Human Shield
20%
No matching quizzes found
Score Distribution
Percent of People with Each Score
Percentile by Number Answered
Your Score History
You have not taken this quiz